000 00488nam a2200169Ia 4500
005 20250502152935.0
008 250326s9999 xx 000 0 und d
020 _a9780128215951
_qPBK
082 _a615.36
_bGIA
100 _aGiangrande, Paloma
245 0 _aRna Therapeutics: The Evolving Landscape Of Rna Therapeutics 1Ed
_cGiangrande, Paloma
250 _a1
260 _bAcademic Press
_c2022
_aUnited Kingdom
300 _a472 pages
650 _aBiochemistry
942 _cENGLISH
999 _c569683
_d569683